[Event "CalChess-ch"]
[Site "Monterey Park"]
[Date "2002.04.06"]
[Round "2"]
[White "Lee, Jessica"]
[Black "Ma, Timothy"]
[Result "1/2-1/2"]
[WhiteElo "1102"]
[BlackElo "1523"]
[PlyCount "63"]
[EventDate "2002.??.??"]
[EventType "swiss"]
[EventRounds "6"]
[EventCountry "USA"]
[SourceTitle "EXT 2007"]
[Source "ChessBase"]
[SourceDate "2006.11.23"]
[SourceVersion "1"]
[SourceVersionDate "2006.11.23"]
[SourceQuality "1"]

1. e4 e5 2. Nf3 d5 3. exd5 Bd6 4. Nc3 Nf6 5. d4 e4 6. Ne5 Nbd7 7. Bb5 0-0 8. Bxd7 Bxd7 9. Bg5 Be7 10. Bxf6 Bxf6 11. Nxe4 Re8 12. f4 Bxe5 13. dxe5 Qh4+ 14. g3 Qh3 15. Qf3 Bg4 16. Qf2 h6 17. Qd2 Bf3 18. Nf2 Qd7 19. Rg1 f6 20. e6 Qxd5 21. Qxd5 Bxd5 22. f5 Bf3 23. Rf1 Rad8 24. Nd3 Bg4 25. Rf4 h5 26. Nf2 Rd5 27. Nxg4 hxg4 28. Rd1 Rc5 29. c3 g5 30. fxg6 Re5+ 31. Kf1 R5xe6 32. Rxg4 1/2-1/2